The hot Universe (Record no. 12663)

MARC details
000 -LEADER
fixed length control field 00844nam a2200217Ia 4500
003 - CONTROL NUMBER IDENTIFIER
control field IN-BaIIA
008 - FIXED-LENGTH DATA ELEMENTS--GENERAL INFORMATION
fixed length control field 211028s9999 xx 000 0 eng d
020 ## - INTERNATIONAL STANDARD BOOK NUMBER
International Standard Book Number 0-7923-5059-6
040 ## - CATALOGING SOURCE
Transcribing agency IIA Library
080 ## - UNIVERSAL DECIMAL CLASSIFICATION NUMBER
Universal Decimal Classification number 082.2:52
Item number IAU-S188
111 ## - MAIN ENTRY--MEETING NAME
Meeting name or jurisdiction name as entry element Symposium of the International Astronomical Union
Number of part/section/meeting 188th
Location of meeting Japan
Date of meeting or treaty signing 1997 Aug. 26-30
9 (RLIN) 22184
245 #4 - TITLE STATEMENT
Title The hot Universe
Remainder of title proceedings of the 188th IAU Symposium held in Kyoto, Japan, August 26-30, 1997
Statement of responsibility, etc. edited by Katsuji Koyama, Shunji Kitamato and Masayuki Itoh
260 ## - PUBLICATION, DISTRIBUTION, ETC.
Place of publication, distribution, etc. Dordrecht
Name of publisher, distributor, etc. Kluwer Academic
Date of publication, distribution, etc. 1998
300 ## - PHYSICAL DESCRIPTION
Extent xv, 474p.
490 ## - SERIES STATEMENT
Series statement IAU Symposium; no. 188
650 ## - SUBJECT ADDED ENTRY--TOPICAL TERM
Topical term or geographic name entry element Universe
9 (RLIN) 1987
700 ## - ADDED ENTRY--PERSONAL NAME
Personal name Itoh, Masayuki, ed.
9 (RLIN) 22185
700 ## - ADDED ENTRY--PERSONAL NAME
Personal name Kitamato, Shunji, ed.
9 (RLIN) 22186
710 ## - ADDED ENTRY--CORPORATE NAME
Corporate name or jurisdiction name as entry element International Astronomical Union
942 ## - ADDED ENTRY ELEMENTS (KOHA)
Koha item type Books
Holdings
Withdrawn status Lost status Damaged status Not for loan Home library Current library Shelving location Date acquired Total Checkouts Full call number Barcode Date last seen Price effective from Koha item type
        IIA Library-Bangalore IIA Library-Bangalore General Stacks 14/09/1998   082.2:52/ IAU-S188 13580 05/11/2021 14/09/1998 Books

Powered by Koha